El hombre del sombrero de copa

Đã lưu trong:
Chi tiết về thư mục
Tác giả chính: Solar, Hernán del (Tác giả)
Định dạng: Sách
Ngôn ngữ:Tiếng Tây Ban Nha
Được phát hành: Santiago Andrés Bello 1994
Loạt:Gran biblioteca Icarito
Những chủ đề:
Các nhãn: Thêm thẻ
Không có thẻ, Là người đầu tiên thẻ bản ghi này!

MARC

LEADER 00000nam a2200000 a 4500
001 UCY2398
003 CL-VaPUC
008 941024e19940000CL |||||||||||||||||spa|d
082 0 4 |a Ch863  |b SOL  |2 21 
100 0 |a Solar, Hernán del  |e author  |9 330425 
245 1 3 |a El hombre del sombrero de copa 
300 |a 80 p 
942 |c BK 
945 |d 19941024 00:00:00  |a mfernand 
260 |a Santiago  |b Andrés Bello  |c 1994 
650 0 |a Cuentos infantiles chilenos   |9 308784 
583 |a last modification  |c 19941024 00:00:00  |k Rodrigo Vera 
490 0 |a Gran biblioteca Icarito 
999 |c 230817  |d 230815 
952 |0 0  |1 0  |4 0  |6 CH_863_000000000000000_SOL_1994  |7 0  |8 A  |9 233357  |a BIBEDU  |b BIBEDU  |d 2019-11-15  |i 3029778  |o Ch863 SOL 1994  |p 3029778  |r 2019-11-15  |w 2019-11-15  |y BK  |k EDU